000 01295nam a2200373Ia 4500
999 _c56251
_d56251
003 GCL
005 20240530105447.0
008 140319s9999 xx 000 0 ara d
040 _aGCL /
_cGCL
082 0 4 _a237.91
_bب إ
100 1 _aابن بلبان ، علاء الدين على بن بلبان بن عبدالله الفارسى
245 1 0 _aالاحسان بترتيب صحيح ابن حبان /
_cترتيب ابن بلبان ، علاء الدين على بن بلبان بن عبدالله الفارسى ؛ قدم له كمال يوسف الحوت
260 _a[S.N] :
_bدار الكتب العلمية للنشر والتوزيع ،
_c1987
300 _aمتعدد
650 0 4 _aالعلم
650 0 4 _aالدين الاسلامى
650 0 4 _aالصلاة
650 0 4 _aالصوم
650 0 4 _aفضائل القران
650 0 4 _aالزكاة
650 0 4 _aالايمان
650 0 4 _aالطهارة
650 0 4 _aالاستعمار
650 0 4 _aالاخلاص
650 0 4 _aالحيض
650 0 4 _aالوحى
650 0 4 _aالاسراء
650 0 4 _aالاحسان
650 0 4 _aاعمال البر
650 0 4 _aالاذكار
650 0 4 _aالدعوات
700 1 _aكمال يوسف الحوت
_eمقدم
942 _2ddc
_cBK